| 000 | 00496nam a2200181Ia 4500 | ||
|---|---|---|---|
| 003 | OSt | ||
| 005 | 20250116155349.0 | ||
| 008 | 210210b1946 xxu||||| |||| 00| 0 eng d | ||
| 040 | _cAL | ||
| 041 | _akan | ||
| 082 | _a854/8 | ||
| 100 |
_aKRASHNARAYA (A N) _9162269 _dಕೃಷ್ಣರಾಯ (ಅ ನ ಕೃ) |
||
| 245 |
_aAkhanda Karnataka: _bಅಖಂಡ ಕರ್ನಾಟಕ |
||
| 260 |
_aBengaluru _b- _c1946 |
||
| 690 |
_aKannada Criticism _9162270 |
||
| 906 | _a019859 | ||
| 942 |
_2ddc _cBK |
||
| 999 |
_c144009 _d144009 |
||